[Event "DVM U20 2018"]
[Site "Osnabrück GER"]
[Date "2018.12.27"]
[Round "1"]
[White "Grohmann, Alexander"]
[Black "Oberhofer, Cédric"]
[Result "1-0"]
[Termination "normal"]
[Board "5.1"]
[WhiteElo "1985"]
[BlackElo "2260"]
[WhiteTeam "FVS ASP Hoyerswerda"]
[BlackTeam "SC Bavaria Regensburg"]
[PlyCount "79"]
[WhiteFideId "12947679"]
[BlackFideId "12941220"]
[EventCountry "GER"]
[EventRounds "7"]
[EventType "team-swiss"]
[EventDate "2018.12.26"]

1. e4 c5 2. Nc3 Nc6 3. f4 g6 4. Nf3 Bg7 5. Bb5 Nd4 6. O-O Nh6 7. a4 O-O 8. Kh1
e6 9. Bc4 b6 10. Nxd4 cxd4 11. Ne2 Bb7 12. Bd3 f5 13. exf5 Nxf5 14. Bxf5 Rxf5
15. Ng3 Rf7 16. Qe2 Qc7 17. d3 Rc8 18. Rf2 Rcf8 19. Ne4 e5 20. b3 d5 21. Ng5
Rf6 22. Ba3 Re8 23. f5 Bc8 24. fxg6 hxg6 25. Raf1 Rf5 26. Rxf5 Bxf5 27. Rxf5
Bh6 28. Rf6 Qg7 29. Rf7 Qh8 30. Rh7 Qf6 31. Rxh6 Qxg5 32. Rh3 e4 33. Rg3 Qf5
34. Kg1 Rc8 35. dxe4 dxe4 36. Bb2 d3 37. cxd3 Qc5+ 38. d4 Qc2 39. Qxc2 Rxc2 40.
Ba3 1-0

[Event "DVM U20 2018"]
[Site "Osnabrück GER"]
[Date "2018.12.27"]
[Round "1"]
[White "Goldbeck, Lars"]
[Black "Rössel, Louis"]
[Result "0-1"]
[Termination "normal"]
[Board "5.2"]
[WhiteElo "2172"]
[BlackElo "1977"]
[WhiteTeam "SC Bavaria Regensburg"]
[BlackTeam "FVS ASP Hoyerswerda"]
[PlyCount "76"]
[WhiteFideId "16208188"]
[BlackFideId "12966398"]
[EventCountry "GER"]
[EventRounds "7"]
[EventType "team-swiss"]
[EventDate "2018.12.26"]

{[%evp 0,76,22,32,30,27,27,14,21,13,28,10,21,19,23,-22,-21,-21,31,39,37,47,57,
53,64,54,60,39,33,48,37,43,56,62,62,47,9,9,6,-42,31,0,19,28,83,30,46,-4,-47,
-47,30,-47,49,-30,-12,36,14,-55,49,34,34,10,10,10,52,52,50,-79,-158,-167,-187,
-292,-295,-709,-798,-843,-847,-966,-988]} 1. d4 Nf6 2. Nf3 e6 3. g3 b6 4. Bg2
Bb7 5. O-O Be7 6. c4 O-O 7. d5 exd5 8. Nh4 c5 9. cxd5 d6 10. Nc3 Re8 11. Nf5
Bf8 12. e4 Bc8 13. f4 g6 14. Ne3 Ba6 15. Rf2 b5 16. e5 b4 17. Ne4 Nxe4 18. Bxe4
Nd7 19. Qf3 Bg7 20. e6 Nf6 21. f5 Qe7 22. a3 b3 23. Bd2 Nxe4 24. Qxe4 fxe6 25.
fxg6 hxg6 26. Qxg6 Rf8 27. Rxf8+ Rxf8 28. Bc3 Qf7 29. Qxf7+ Rxf7 30. Bxg7 Rxg7
31. dxe6 Re7 32. Nd5 Rxe6 33. Nc7 Re2 34. Nxa6 Rxb2 35. Nc7 Rc2 36. Nd5 b2 37.
Rf1 Rc1 38. Ne7+ Kh7 0-1

[Event "DVM U20 2018"]
[Site "Osnabrück GER"]
[Date "2018.12.27"]
[Round "1"]
[White "Hassemeier, Mika"]
[Black "Dechant, Georg"]
[Result "1-0"]
[Termination "normal"]
[Board "5.3"]
[WhiteElo "1833"]
[BlackElo "2104"]
[WhiteTeam "FVS ASP Hoyerswerda"]
[BlackTeam "SC Bavaria Regensburg"]
[PlyCount "63"]
[WhiteFideId "12994880"]
[BlackFideId "12956716"]
[EventCountry "GER"]
[EventRounds "7"]
[EventType "team-swiss"]
[EventDate "2018.12.26"]

{[%evp 0,63,33,12,51,33,60,32,25,-8,-16,9,1,11,13,-2,0,10,37,40,40,40,39,37,41,
9,3,3,2,1,7,7,13,4,124,125,124,50,45,49,89,72,233,223,238,230,274,270,301,325,
343,281,295,302,321,312,342,354,335,356,351,349,1052,1062,1099,1120]} 1. e4 c5
2. Nf3 d6 3. c3 Nf6 4. Bd3 Nc6 5. Bc2 Bg4 6. d3 g6 7. Nbd2 Bg7 8. h3 Bxf3 9.
Nxf3 O-O 10. Be3 Rc8 11. Qd2 b5 12. Bh6 Qa5 13. Bxg7 Kxg7 14. O-O Rfd8 15. a3
e5 16. Nh4 d5 17. Nf5+ Kh8 18. Qg5 Ng8 19. Ne3 dxe4 20. dxe4 Rd2 21. Nc4 bxc4
22. Qxd2 Rd8 23. Qe2 Rb8 24. Qxc4 Rxb2 25. Ba4 Nd8 26. Rab1 Rb6 27. Rxb6 axb6
28. Rd1 Ne6 29. Be8 Qa7 30. Rd7 Qxa3 31. Rxf7 Qc1+ 32. Kh2 1-0

[Event "DVM U20 2018"]
[Site "Osnabrück GER"]
[Date "2018.12.27"]
[Round "1"]
[White "Gabler, Eric"]
[Black "Klinkhart, Thorbjörn"]
[Result "1/2-1/2"]
[Termination "normal"]
[Board "5.4"]
[WhiteElo "2103"]
[BlackElo "1912"]
[WhiteTeam "SC Bavaria Regensburg"]
[BlackTeam "FVS ASP Hoyerswerda"]
[PlyCount "65"]
[WhiteFideId "12949841"]
[BlackFideId "12966428"]
[EventCountry "GER"]
[EventRounds "7"]
[EventType "team-swiss"]
[EventDate "2018.12.26"]

{[%evp 0,37,19,8,21,-16,9,33,33,11,51,26,38,57,57,68,77,47,79,92,115,74,100,
105,105,97,115,107,111,104,125,117,112,100,129,141,137,122,93,73]} 1. d4 Nf6 2.
c4 e5 3. dxe5 Ng4 4. Nf3 d6 5. exd6 Bxd6 6. Nc3 Be6 7. h3 Nf6 8. e3 c6 9. Be2
h6 10. a3 a5 11. b3 Na6 12. Bb2 Qe7 13. Qc2 Rd8 14. Na4 Nc5 15. Nxc5 Bxc5 16.
Nd4 Bc8 17. Nf5 Bxf5 18. Qxf5 O-O 19. Qe5 Rd7 20. Qxe7 Bxe7 21. Rd1 Rfd8 22.
Rxd7 Rxd7 23. Bc3 b6 24. O-O Bxa3 25. Bd4 c5 26. Be5 Rd2 27. Bf3 Bb2 28. Bc7
Nd7 29. Bg4 Be5 30. Bd8 Bf6 31. Bc7 Be5 32. Bd8 Bf6 33. Bc7 1/2-1/2

[Event "DVM U20 2018"]
[Site "Osnabrück GER"]
[Date "2018.12.27"]
[Round "1"]
[White "Laskow, Vincent"]
[Black "Brüll, Elias"]
[Result "1-0"]
[Termination "normal"]
[Board "5.5"]
[WhiteElo "1840"]
[BlackElo "1884"]
[WhiteTeam "FVS ASP Hoyerswerda"]
[BlackTeam "SC Bavaria Regensburg"]
[PlyCount "47"]
[WhiteFideId "12947652"]
[BlackFideId "12964921"]
[EventCountry "GER"]
[EventRounds "7"]
[EventType "team-swiss"]
[EventDate "2018.12.26"]

{[%evp 0,47,20,28,62,44,33,19,9,2,41,33,35,23,35,-12,-10,-7,-9,-10,-17,-17,29,
17,43,43,37,37,84,74,86,9,92,129,390,401,402,401,401,386,383,393,533,528,527,
531,536,536,536,532]} 1. e4 c5 2. Nc3 Nc6 3. f4 e6 4. Nf3 g6 5. Bb5 Nge7 6. O-O
Bg7 7. d3 d5 8. Bxc6+ Nxc6 9. exd5 exd5 10. Re1+ Ne7 11. Qe2 Bf6 12. f5 O-O 13.
fxg6 fxg6 14. Bh6 Re8 15. Ng5 Bd7 16. Qf3 Nf5 17. Qxd5+ Be6 18. Nxe6 Qxd5 19.
Nxd5 Bxb2 20. Rab1 Rxe6 21. Rxe6 Bd4+ 22. Be3 Nxe3 23. Nxe3 Kf7 24. Re4 1-0

[Event "DVM U20 2018"]
[Site "Osnabrück GER"]
[Date "2018.12.27"]
[Round "1"]
[White "Ließ, Alexander"]
[Black "Wierick, Dennis"]
[Result "1-0"]
[Termination "normal"]
[Board "5.6"]
[WhiteElo "1782"]
[BlackElo "1455"]
[WhiteTeam "SC Bavaria Regensburg"]
[BlackTeam "FVS ASP Hoyerswerda"]
[PlyCount "61"]
[WhiteFideId "16221338"]
[BlackFideId "16274768"]
[EventCountry "GER"]
[EventRounds "7"]
[EventType "team-swiss"]
[EventDate "2018.12.26"]

{[%evp 0,19,19,31,72,49,114,48,37,36,32,25,44,57,156,75,167,112,116,77,136,20]
unterminated} 1. e4 c5 2. Nc3 d6 3. f4 a6 4. a4 Nc6 5. Nf3 e6 6. Bc4 Nge7 7.
O-O g6 8. d3 Bg7 9. Qe1 O-O 10. f5 exf5 11. Qh4 Kh8 12. Ng5 h5 13. Nxf7+ Rxf7
14. Bxf7 Qf8 15. Ba2 Nd4 16. Bg5 Nec6 17. Rac1 b5 18. exf5 Nxf5 19. Qe4 Bd7 20.
g4 Re8 21. Qg2 hxg4 22. Qxg4 Be6 23. Nd5 Qf7 24. Qg2 bxa4 25. c3 Kg8 26. Rcd1
Rb8 27. Rd2 Rb7 28. Bc4 Ra7 29. Re1 Ne5 30. Ba2 Nd7 31. Rxe6 1-0

[Event "DVM U20 2018"]
[Site "Osnabrück GER"]
[Date "2018.12.27"]
[Round "1"]
[White "Böhning, Kilian"]
[Black "Browning, Alex"]
[Result "0-1"]
[Termination "normal"]
[Board "6.1"]
[WhiteElo "2097"]
[BlackElo "2052"]
[WhiteTeam "Hagener SV"]
[BlackTeam "Märkischer Springer Halver-Schalksmühle"]
[PlyCount "68"]
[WhiteFideId "1270499"]
[BlackFideId "12984019"]
[EventCountry "GER"]
[EventRounds "7"]
[EventType "team-swiss"]
[EventDate "2018.12.26"]

{unterminated} 1. d4 Nf6 2. Nf3 g6 3. g3 Bg7 4. Bg2 O-O 5. O-O d6 6. c4 Nc6 7.
Nc3 a6 8. h3 Rb8 9. e4 b5 10. Qe2 e5 11. dxe5 Nxe5 12. Nxe5 dxe5 13. cxb5 axb5
14. Bg5 c6 15. Rfd1 Qe7 16. Rac1 h6 17. Be3 Be6 18. b3 Rfd8 19. Kh2 h5 20. Nb1
Rxd1 21. Qxd1 Ra8 22. Qc2 Ra6 23. Bc5 Qe8 24. Bf1 h4 25. Be3 hxg3+ 26. fxg3 Ra8
27. Nd2 Qf8 28. Bc5 Qd8 29. Bg2 Bh6 30. Rd1 Qa5 31. a3 Rd8 32. b4 Qa4 33. Nb3
Rxd1 34. Qxd1 Nd7 0-1

[Event "DVM U20 2018"]
[Site "Osnabrück GER"]
[Date "2018.12.27"]
[Round "1"]
[White "von Bargen, Lukas"]
[Black "Balazs, Balint"]
[Result "0-1"]
[Termination "normal"]
[Board "6.2"]
[WhiteElo "1974"]
[BlackElo "2105"]
[WhiteTeam "Märkischer Springer Halver-Schalksmühle"]
[BlackTeam "Hagener SV"]
[PlyCount "64"]
[WhiteFideId "12946141"]
[BlackFideId "12922757"]
[EventCountry "GER"]
[EventRounds "7"]
[EventType "team-swiss"]
[EventDate "2018.12.26"]

{[%evp 0,64,21,32,29,-14,10,29,48,45,82,56,78,92,130,103,105,55,48,58,59,86,96,
96,112,58,78,71,92,26,48,46,56,63,92,117,48,92,88,76,76,10,58,12,151,111,149,
126,155,86,105,113,130,-67,35,-120,-114,-194,-188,-345,-264,-854,-889,-1063,
-1090,-1090,-1092]} 1. d4 Nf6 2. c4 c5 3. d5 e6 4. Nc3 exd5 5. cxd5 d6 6. Nf3
g6 7. Bf4 Bg7 8. h3 O-O 9. e3 Bf5 10. Nd2 Na6 11. g4 Bc8 12. Nc4 Ne8 13. Be2
Nac7 14. a4 Qe7 15. Nb5 Nxb5 16. axb5 a6 17. O-O Rb8 18. Qb3 axb5 19. Qxb5 b6
20. Rfd1 f5 21. Na5 Bd7 22. Nc6 Bxc6 23. dxc6 g5 24. Bg3 f4 25. exf4 gxf4 26.
Qc4+ Kh8 27. Bxf4 b5 28. c7 Rc8 29. Qd5 Qxe2 30. Ra8 Rxa8 31. Qxa8 Qxd1+ 32.
Kg2 Nxc7 0-1

[Event "DVM U20 2018"]
[Site "Osnabrück GER"]
[Date "2018.12.27"]
[Round "1"]
[White "Bach, Jannik"]
[Black "Kroo, Julian"]
[Result "1-0"]
[Termination "normal"]
[Board "6.3"]
[WhiteElo "2034"]
[BlackElo "1827"]
[WhiteTeam "Hagener SV"]
[BlackTeam "Märkischer Springer Halver-Schalksmühle"]
[PlyCount "131"]
[WhiteFideId "24615900"]
[BlackFideId "12989908"]
[EventCountry "GER"]
[EventRounds "7"]
[EventType "team-swiss"]
[EventDate "2018.12.26"]

{[%evp 0,14,33,18,25,-21,-12,4,17,3,-9,7,-15,-12,12,-43,29] unterminated} 1.
Nf3 Nf6 2. g3 d5 3. Bg2 c5 4. O-O Nc6 5. d4 e6 6. c4 dxc4 7. Qa4 Be7 8. Ne5 O-O
9. Nxc6 bxc6 10. dxc5 Qd4 11. Na3 Qxc5 12. Nxc4 Bd7 13. Be3 Qh5 14. Bf3 Ng4 15.
Bxg4 Qxg4 16. Nb6 Qxa4 17. Nxa4 e5 18. Bc5 Rfe8 19. Rfd1 Be6 20. Bxe7 Rxe7 21.
Nc5 Kf8 22. b3 Ke8 23. Rd6 Bh3 24. f3 Rc8 25. Kf2 Bf5 26. e4 Bg6 27. g4 f6 28.
Rad1 Bf7 29. Rd7 Be6 30. R7d6 Bf7 31. Ke3 h6 32. h4 Bg8 33. g5 Kf7 34. gxf6
gxf6 35. Rd7 Rce8 36. R7d6 Rc8 37. Rd8 Rxd8 38. Rxd8 Bh7 39. h5 f5 40. Rd6 f4+
41. Ke2 Kg7 42. Ne6+ Kf7 43. Nd8+ Kg7 44. Nxc6 Rc7 45. Kd2 Bg8 46. Nxe5 a5 47.
Nd3 Bf7 48. Nxf4 Rc5 49. Ne6+ Bxe6 50. Rxe6 Rxh5 51. Ke3 Rh2 52. Kf4 Rxa2 53.
Ra6 Rb2 54. Rxa5 Rxb3 55. Kg4 Rb6 56. f4 Rg6+ 57. Kf3 Rb6 58. f5 h5 59. Ra7+
Kf6 60. Kf4 Rb4 61. Rh7 Ra4 62. Rxh5 Ra1 63. Rh6+ Kg7 64. Rb6 Ra4 65. Ke5 Ra5+
66. Ke6 1-0

[Event "DVM U20 2018"]
[Site "Osnabrück GER"]
[Date "2018.12.27"]
[Round "1"]
[White "Kölz, Niklas"]
[Black "Hoppe, Andreas"]
[Result "0-1"]
[Termination "normal"]
[Board "6.4"]
[WhiteElo "1778"]
[BlackElo "1979"]
[WhiteTeam "Märkischer Springer Halver-Schalksmühle"]
[BlackTeam "Hagener SV"]
[PlyCount "118"]
[WhiteFideId "12971758"]
[BlackFideId "12922811"]
[EventCountry "GER"]
[EventRounds "7"]
[EventType "team-swiss"]
[EventDate "2018.12.26"]

{[%evp 0,80,28,-9,-5,-13,12,2,40,11,10,12,19,-14,-14,-7,-7,0,28,-44,0,-34,52,0,
62,74,72,31,40,34,40,36,44,42,48,41,58,66,62,66,61,61,75,72,72,72,81,126,97,99,
130,65,92,99,83,80,75,57,31,0,135,9,44,-28,-57,-67,-75,-122,-108,-116,-110,
-120,-24,-111,-106,-129,-23,0,0,-55,0,-391,-418]} 1. c4 e5 2. g3 d6 3. Bg2 f5
4. d3 Nf6 5. Nc3 Be7 6. e4 c6 7. Nge2 O-O 8. O-O Be6 9. f4 Qb6+ 10. Kh1 Ng4 11.
Qe1 Ne3 12. Bxe3 Qxe3 13. Rf3 Qb6 14. fxe5 dxe5 15. Bh3 Nd7 16. exf5 Bf7 17. b3
Nf6 18. g4 h6 19. Ng3 Nh7 20. Nge4 Rad8 21. Qg3 Qd4 22. Raf1 Ng5 23. Nxg5 Bxg5
24. Ne4 Bf4 25. Qh4 b5 26. Bg2 bxc4 27. bxc4 Rd7 28. Qe1 Rb7 29. h4 g6 30. f6
Be6 31. Bh3 Rb2 32. R1f2 Rfb8 33. Kg2 Rxf2+ 34. Nxf2 Rb2 35. Qa5 Qb6 36. Qe1
Qd4 37. Qa5 Qb6 38. Qa3 c5 39. Qa4 Kf7 40. Rxf4 exf4 41. Kf3 Qb7+ 42. Ne4 Rh2
43. Bg2 Rxh4 44. Kxf4 Qc7+ 45. Ke3 Rxg4 46. Bf3 Rh4 47. Qb5 Bf5 48. Qb7 Qxb7
49. Nd6+ Kf8 50. Nxb7 Rh3 51. Nxc5 Bg4 52. Kf4 Bxf3 53. Nd7+ Kf7 54. Ne5+ Kxf6
55. Nxf3 g5+ 56. Kg4 Rh1 57. d4 h5+ 58. Kg3 Rd1 59. d5 g4 0-1

[Event "DVM U20 2018"]
[Site "Osnabrück GER"]
[Date "2018.12.27"]
[Round "1"]
[White "Laubrock, Paul"]
[Black "Leonidas, Robert"]
[Result "1-0"]
[Termination "normal"]
[Board "6.5"]
[WhiteElo "1968"]
[BlackElo "1362"]
[WhiteTeam "Hagener SV"]
[BlackTeam "Märkischer Springer Halver-Schalksmühle"]
[PlyCount "93"]
[WhiteFideId "1270509"]
[BlackFideId "16274776"]
[EventCountry "GER"]
[EventRounds "7"]
[EventType "team-swiss"]
[EventDate "2018.12.26"]

{unterminated} 1. e4 e5 2. Bc4 Nf6 3. d3 Bc5 4. Nc3 Nc6 5. a3 a6 6. Bg5 d6 7.
Nd5 Be6 8. Nf3 h6 9. Nxf6+ gxf6 10. Bh4 Qe7 11. c3 Bxc4 12. dxc4 O-O-O 13. Qd3
Rdg8 14. Rg1 Qe6 15. O-O-O Rg6 16. Bg3 Ne7 17. Rge1 Qd7 18. Re2 Qa4 19. Kb1 Qb3
20. Ka1 Nc6 21. Rc2 Rd8 22. Nd2 Qb6 23. Rf1 Qa7 24. Ka2 Ne7 25. Nf3 c6 26. Rd1
b5 27. cxb5 axb5 28. Nh4 Rg7 29. f4 Rgg8 30. fxe5 fxe5 31. Rf1 Ng6 32. Nf5 h5
33. b4 Bb6 34. c4 bxc4 35. Qxc4 Qc7 36. Qxc6 Qxc6 37. Rxc6+ Bc7 38. Rfc1 Rd7
39. Rxd6 Rgd8 40. Rdc6 Kb8 41. Kb3 Ne7 42. Nxe7 Rxe7 43. Rxc7 Rxc7 44. Bxe5
Rdc8 45. Rxc7 Rxc7 46. Bxc7+ Kxc7 47. Kc4 1-0

[Event "DVM U20 2018"]
[Site "Osnabrück GER"]
[Date "2018.12.27"]
[Round "1"]
[White "Laufer, Maximilian"]
[Black "Glaser, Maximilian"]
[Result "0-1"]
[Termination "normal"]
[Board "6.6"]
[WhiteElo "1479"]
[BlackElo "1794"]
[WhiteTeam "Märkischer Springer Halver-Schalksmühle"]
[BlackTeam "Hagener SV"]
[PlyCount "130"]
[WhiteFideId "16274784"]
[BlackFideId "12956961"]
[EventCountry "GER"]
[EventRounds "7"]
[EventType "team-swiss"]
[EventDate "2018.12.26"]

{unterminated} 1. e4 e6 2. d4 c5 3. Nf3 cxd4 4. Nxd4 Nf6 5. Nc3 Bb4 6. Bg5 Qa5
7. Bd2 Qe5 8. Nf3 Qc5 9. e5 Bxc3 10. Bxc3 Nd5 11. Bd4 Qb4+ 12. Qd2 Qxd2+ 13.
Nxd2 Nc6 14. c3 Nxd4 15. cxd4 b6 16. Nc4 Ke7 17. Nd6 Rb8 18. a3 Bb7 19. Rc1 f6
20. f3 Bc6 21. Kf2 Rhf8 22. Bd3 g6 23. Rhf1 Nf4 24. Bb1 fxe5 25. dxe5 g5 26. g3
Nh5 27. Ke2 h6 28. Ke3 Nf6 29. Bg6 Nd5+ 30. Ke2 Nc7 31. f4 gxf4 32. Rxf4 Rxf4
33. gxf4 Rf8 34. f5 Nd5 35. Ke1 exf5 36. Nxf5+ Ke6 37. Nd4+ Kxe5 38. Nxc6+ dxc6
39. Rxc6 Rf4 40. Rc2 Rh4 41. Be8 Nf4 42. Bb5 Rg4 43. Rf2 Kd4 44. Be2 Rg1+ 45.
Kd2 Ke5 46. Bd3 h5 47. Be2 Rg7 48. Ke3 Nd5+ 49. Kd3 Rd7 50. Kc2 Nf4 51. Bf1
Rc7+ 52. Kd2 h4 53. Rf3 Rd7+ 54. Bd3 Rd6 55. Re3+ Kf6 56. Kc2 Kg5 57. Bf1 Rf6
58. Kd1 Rf5 59. Ke1 Rc5 60. Kf2 Rc2+ 61. Be2 Rxb2 62. Kf3 Rxe2 63. Rxe2 Nxe2
64. Kxe2 Kf4 65. Kf2 b5 0-1

[Event "DVM U20 2018"]
[Site "Osnabrück GER"]
[Date "2018.12.27"]
[Round "1"]
[White "Wacker, Felix"]
[Black "Kololli, Martin"]
[Result "1/2-1/2"]
[Termination "normal"]
[Board "7.1"]
[BlackTitle "FM"]
[WhiteElo "1999"]
[BlackElo "2343"]
[WhiteTeam "SC 1997 Lambsheim"]
[BlackTeam "Lübecker SV"]
[PlyCount "46"]
[WhiteFideId "12953040"]
[BlackFideId "12936910"]
[EventCountry "GER"]
[EventRounds "7"]
[EventType "team-swiss"]
[EventDate "2018.12.26"]

{normal} 1. e4 e5 2. Nf3 Nc6 3. Bb5 a6 4. Ba4 Nf6 5. O-O Be7 6. Qe2 b5 7. Bb3
d6 8. a4 Bd7 9. c3 O-O 10. d4 Qb8 11. axb5 axb5 12. Rxa8 Qxa8 13. Na3 b4 14.
Nc4 Na5 15. Nxa5 Qxa5 16. Bd2 bxc3 17. Bxc3 Qb6 18. dxe5 Qxb3 19. exf6 Bxf6 20.
Bxf6 gxf6 21. Rc1 Re8 22. h3 Qb7 23. Nd2 c5 1/2-1/2

[Event "DVM U20 2018"]
[Site "Osnabrück GER"]
[Date "2018.12.27"]
[Round "1"]
[White "Poghosyan, Tigran"]
[Black "Mühlpfordt, Thomas"]
[Result "1-0"]
[Termination "normal"]
[Board "7.2"]
[WhiteElo "2187"]
[BlackElo "1927"]
[WhiteTeam "Lübecker SV"]
[BlackTeam "SC 1997 Lambsheim"]
[PlyCount "113"]
[WhiteFideId "12909319"]
[BlackFideId "12986623"]
[EventCountry "GER"]
[EventRounds "7"]
[EventType "team-swiss"]
[EventDate "2018.12.26"]

{unterminated} 1. e4 e5 2. Nf3 Nc6 3. Bb5 a6 4. Ba4 Nf6 5. O-O Be7 6. d3 b5 7.
Bb3 O-O 8. a3 d6 9. Nc3 Be6 10. Nd5 Nd4 11. Nxd4 exd4 12. Re1 Nxd5 13. exd5 Bf5
14. Qf3 Bg6 15. a4 Qd7 16. Qg3 Bf6 17. Bg5 Bxg5 18. Qxg5 Rae8 19. axb5 axb5 20.
Qf4 Rxe1+ 21. Rxe1 Re8 22. Ra1 Qe7 23. h3 Qe5 24. Qxe5 dxe5 25. Ra7 Rc8 26. Rb7
Kf8 27. Rxb5 Ke7 28. f4 f6 29. Ra5 Rd8 30. Ra7 Kd7 31. g3 Bf7 32. Kf2 Kd6 33.
Ra6+ Ke7 34. Ra7 Kd6 35. Ra6+ Ke7 36. Ra5 Kd6 37. fxe5+ fxe5 38. c4 dxc3 39.
bxc3 c6 40. c4 cxd5 41. cxd5 Bg6 42. Ke3 Ke7 43. Bc4 Rd6 44. Bb3 Kf6 45. Bc4 h6
46. Ra1 Bf7 47. Rf1+ Kg6 48. Ke4 Rf6 49. Ra1 Rf2 50. Kxe5 Re2+ 51. Kd4 Kf6 52.
Rf1+ Kg6 53. d6 Be8 54. Bd5 Rc2 55. Bf7+ Bxf7 56. d7 Bc4 57. d8=Q 1-0

[Event "DVM U20 2018"]
[Site "Osnabrück GER"]
[Date "2018.12.27"]
[Round "1"]
[White "Wacker, Andreas"]
[Black "Bosselmann, Tom Linus"]
[Result "1/2-1/2"]
[Termination "normal"]
[Board "7.3"]
[WhiteElo "1863"]
[BlackElo "2057"]
[WhiteTeam "SC 1997 Lambsheim"]
[BlackTeam "Lübecker SV"]
[PlyCount "40"]
[WhiteFideId "12953083"]
[BlackFideId "12983845"]
[EventCountry "GER"]
[EventRounds "7"]
[EventType "team-swiss"]
[EventDate "2018.12.26"]

{normal} 1. e4 c5 2. Nc3 a6 3. g3 b5 4. Bg2 Bb7 5. Nge2 e6 6. O-O Be7 7. d3 b4
8. Na4 Nf6 9. Be3 Qc7 10. c3 bxc3 11. bxc3 d5 12. f3 Nbd7 13. Qc2 Rc8 14. Rab1
Bc6 15. Nb2 O-O 16. Nd1 dxe4 17. dxe4 Nb6 18. Nb2 Rfd8 19. Rfd1 Rxd1+ 20. Rxd1
Rd8 1/2-1/2

[Event "DVM U20 2018"]
[Site "Osnabrück GER"]
[Date "2018.12.27"]
[Round "1"]
[White "Rietschel, Tilo"]
[Black "Dalchow, Jonas"]
[Result "1-0"]
[Termination "normal"]
[Board "7.4"]
[WhiteElo "1916"]
[BlackElo "1747"]
[WhiteTeam "Lübecker SV"]
[BlackTeam "SC 1997 Lambsheim"]
[PlyCount "103"]
[WhiteFideId "16208390"]
[BlackFideId "12971251"]
[EventCountry "GER"]
[EventRounds "7"]
[EventType "team-swiss"]
[EventDate "2018.12.26"]

{unterminated} 1. e4 c6 2. d4 d5 3. Nc3 dxe4 4. Nxe4 Bf5 5. Ng3 Bg6 6. Nh3 Nd7
7. Bc4 e6 8. O-O Ngf6 9. f4 Bd6 10. Kh1 O-O 11. f5 exf5 12. Nxf5 Bxf5 13. Rxf5
Qc7 14. Bf4 Bxf4 15. Rxf4 Nb6 16. Bb3 Nbd5 17. Bxd5 Nxd5 18. Rf3 Rae8 19. Qd3
f6 20. c4 Ne7 21. Nf4 Qd7 22. d5 cxd5 23. cxd5 Rf7 24. Re3 Nc8 25. Re6 Rfe7 26.
Qb3 Kh8 27. Rae1 Nb6 28. d6 Rxe6 29. Rxe6 Rxe6 30. Qxe6 Qxe6 31. Nxe6 Nd7 32.
Nd8 b6 33. b4 a6 34. Kg1 Kg8 35. Kf2 Ne5 36. Kg3 g5 37. a4 Kf8 38. Ne6+ Kf7 39.
Nc7 a5 40. b5 f5 41. Nd5 Nd7 42. Ne7 Ke6 43. Nc8 Kd5 44. h4 h6 45. Ne7+ Ke5 46.
Ng8 f4+ 47. Kg4 Nf6+ 48. Nxf6 Kxf6 49. hxg5+ hxg5 50. d7 Ke7 51. Kxg5 Kxd7 52.
Kxf4 1-0

[Event "DVM U20 2018"]
[Site "Osnabrück GER"]
[Date "2018.12.27"]
[Round "1"]
[White "Saive, Philipp"]
[Black "Tiedemann, Fin Niklas"]
[Result "0-1"]
[Termination "normal"]
[Board "7.5"]
[WhiteElo "1715"]
[BlackElo "1902"]
[WhiteTeam "SC 1997 Lambsheim"]
[BlackTeam "Lübecker SV"]
[PlyCount "104"]
[WhiteFideId "16274792"]
[BlackFideId "12936936"]
[EventCountry "GER"]
[EventRounds "7"]
[EventType "team-swiss"]
[EventDate "2018.12.26"]

{[%evp 0,104,27,17,38,27,32,30,35,30,50,35,48,17,32,27,27,29,18,-39,-39,-46,
-25,-5,-3,-73,-75,-65,-53,-93,-65,-95,-89,-76,-17,-12,18,-74,-71,-92,-105,-160,
-167,-196,-87,-87,-83,-190,-201,-201,-198,-196,-194,-194,-194,-204,-212,-196,
-197,-213,-174,-174,-175,-175,-171,-208,-144,-136,-162,-155,-133,-197,-214,
-229,-226,-270,-262,-269,-280,-284,-284,-293,-293,-291,-300,-311,-321,-377,
-396,-469,-491,-507,-387,-633,-520,-937,-527,-530,-530,-530,-530,-530,-530,
-530,-530,-530,-560]} 1. d4 Nf6 2. Bf4 g6 3. Nc3 d5 4. e3 c6 5. Be2 Bg7 6. h4
Qb6 7. Rb1 h5 8. Nf3 Bg4 9. Bxb8 Rxb8 10. Ne5 Bxe2 11. Qxe2 O-O 12. g4 hxg4 13.
Nxg4 Nh5 14. b4 Qc7 15. Na4 Rbe8 16. Nc5 b6 17. Nd3 f6 18. Kd2 e5 19. c3 e4 20.
Nb2 f5 21. Nh2 Bh6 22. Rbg1 Kh7 23. Rxg6 Kxg6 24. Rg1+ Kh7 25. Qxh5 Qf7 26.
Qxf7+ Rxf7 27. Nf1 f4 28. Nd1 Ref8 29. Ke2 Rg8 30. Rxg8 Kxg8 31. exf4 Rxf4 32.
Nde3 Kh7 33. b5 cxb5 34. Nxd5 Rxh4 35. Nc7 Rh3 36. Nxb5 a6 37. Nc7 Rxc3 38.
Nxa6 Rc2+ 39. Ke1 Rxa2 40. Nb4 Ra4 41. Nd5 b5 42. Nc3 Ra1+ 43. Ke2 b4 44. Nd1
Ra2+ 45. Ke1 b3 46. Nc3 Rc2 47. Na4 b2 48. Nxb2 Rxb2 49. Ng3 e3 50. fxe3 Bxe3
51. Nf5 Bf4 52. d5 Kg6 0-1

[Event "DVM U20 2018"]
[Site "Osnabrück GER"]
[Date "2018.12.27"]
[Round "1"]
[White "Joeres, Stefan"]
[Black "Grund, Sebastian"]
[Result "1-0"]
[Termination "normal"]
[Board "8.1"]
[WhiteElo "2093"]
[BlackElo "2050"]
[WhiteTeam "Karlsruher SF"]
[BlackTeam "MTV 1876 Saalfeld"]
[PlyCount "79"]
[WhiteFideId "12983160"]
[BlackFideId "12988626"]
[EventCountry "GER"]
[EventRounds "7"]
[EventType "team-swiss"]
[EventDate "2018.12.26"]

{unterminated} 1. e4 c5 2. Nf3 Nc6 3. d4 cxd4 4. Nxd4 g6 5. Nc3 Bg7 6. Nxc6
bxc6 7. Bc4 d6 8. O-O Nf6 9. e5 dxe5 10. Qxd8+ Kxd8 11. Re1 e6 12. Rxe5 Nd5 13.
Re2 Nxc3 14. bxc3 Bxc3 15. Rb1 Ke7 16. Rb3 Rd8 17. Ba3+ Ke8 18. g4 Bg7 19. Bc5
Bd4 20. Ba3 a5 21. Rh3 Bf6 22. c3 Rb8 23. Rc2 Rb1+ 24. Kg2 Rdd1 25. Rxh7 Bb7
26. f4 Rg1+ 27. Kh3 c5 28. Bxc5 Be4 29. Bxg1 Bxc2 30. Bd4 Bxd4 31. cxd4 Rb4 32.
Rh8+ Kd7 33. Bb3 Bxb3 34. axb3 Rxb3+ 35. Kh4 a4 36. Ra8 a3 37. Kg5 Rh3 38. Kf6
Rxh2 39. Kxf7 Rf2 40. Kxg6 1-0